Pokémon - Attacken von Arceus in KA/PU - Statistiken

Allgemein
  • Dieses Quiz wurde 2 mal gespielt
  • Das Durchschnittsergebnis liegt bei 51 aus 121
Antwortstatistiken
Antwort % Korrekt
Agilität
100%
Ausdauer
100%
Bodycheck
100%
Dampfwalze
100%
Delegator
100%
Erdbeben
100%
Erholung
100%
Fassade
100%
Grimasse
100%
Hyperstrahl
100%
Kalte Dusche
100%
Lichtschild
100%
Reflektor
100%
Risikotackle
100%
Schutzschild
100%
Spukball
100%
Wegbereiter
100%
Aquadurchstoß
50%
Bizarroraum
50%
Blizzard
50%
Bodyslam
50%
Brandsand
50%
Bürde
50%
Donner
50%
Donnerblitz
50%
Donnerstoß
50%
Donnerwelle
50%
Drachenpuls
50%
Drachentanz
50%
Draco Meteor
50%
Eisenabwehr
50%
Eisenschädel
50%
Eisstrahl
50%
Eissturm
50%
Energieball
50%
Erdkräfte
50%
Felsgrab
50%
Feuersturm
50%
Finsteraura
50%
Flammenblitz
50%
Flammenwurf
50%
Fliegen
50%
Fokusstoß
50%
Genesung
50%
Gifthieb
50%
Gigasauger
50%
Gigastoß
50%
Hydropumpe
50%
Irrlicht
50%
Käfergebrumm
50%
Kaskade
50%
Konfusstrahl
50%
Kreuzschere
50%
Ladestrahl
50%
Lichtkanone
50%
Luftschnitt
50%
Matschbombe
50%
Meteorstrahl
50%
Mülltreffer
50%
Psychokinese
50%
Psycho-Plus
50%
Psychoschock
50%
Regentanz
50%
Rückenwind
50%
Sandsturm
50%
Säurespeier
50%
Schallwelle
50%
Schlafrede
50%
Schmarotzer
50%
Seher
50%
Solarstrahl
50%
Sonnentag
50%
Stahlstrahl
50%
Steinhagel
50%
Steinkante
50%
Sternschauer
50%
Surfer
50%
Tarnsteine
50%
Turbotempo
50%
Urteilskraft
50%
Verhöhner
50%
Wutanfall
50%
Zauberschein
50%
Zen-Kopfstoß
50%
Abgesang
0%
Aquawelle
0%
Aurasphäre
0%
Begrenzer
0%
Body Press
0%
Brüller
0%
Drachenklaue
0%
Drachenrute
0%
Dunkelklaue
0%
Durchbruch
0%
Elektrofeld
0%
Erdanziehung
0%
Fruststampfer
0%
Gedankengut
0%
Geowurf
0%
Grasfeld
0%
Heilopfer
0%
Hitzekoller
0%
Hitzewelle
0%
Juwelenkraft
0%
Kosmik-Kraft
0%
Kraftvorrat
0%
Kugelsaat
0%
Lawine
0%
Nebelfeld
0%
Orkan
0%
Phantomkraft
0%
Protzer
0%
Psychofeld
0%
Rammboss
0%
Schwerttanz
0%
Standpauke
0%
Strauchler
0%
Stromstoß
0%
Tera-Ausbruch
0%
Trickbetrug
0%
Zauberblatt
0%
Keine übereinstimmenden Quizze gefunden
Verteilung der Resultate
Anzahl Personen mit jedem Resultat
Perzentil nach korrekt beantworteten Fragen
Ihre Resultats-Entwicklung
Sie haben dieses Quiz noch nicht gespielt